Inter Milan Goalkeeper By Year - Statistics

General Stats
  • This quiz has been taken 1,203 times
    82 since last reset
  • The average score is 31 of 78
Answer Stats
Season Goalkeeper % Correct
2021-22 Samir Handanović
96%
2020-21 Samir Handanović
96%
2019-20 Samir Handanović
96%
2018-19 Samir Handanović
96%
2017-18 Samir Handanović
96%
2016-17 Samir Handanović
96%
2015-16 Samir Handanović
96%
2014-15 Samir Handanović
96%
2013-14 Samir Handanović
96%
2012-13 Samir Handanović
96%
2025-26 Yann Sommer
94%
2024-25 Yann Sommer
94%
2023-24 Yann Sommer
94%
2011-12 Júlio César
93%
2010-11 Júlio César
93%
2009-10 Júlio César
93%
2008-09 Júlio César
93%
2007-08 Júlio César
93%
2006-07 Júlio César
93%
2005-06 Júlio César
93%
2022-23 André Onana
90%
2004-05 Francesco Toldo
63%
2003-04 Francesco Toldo
63%
2002-03 Francesco Toldo
63%
2001-02 Francesco Toldo
63%
1999-00 Angelo Peruzzi
37%
1998-99 Gianluca Pagliuca
37%
1997-98 Gianluca Pagliuca
37%
1996-97 Gianluca Pagliuca
37%
1995-96 Gianluca Pagliuca
37%
1994-95 Gianluca Pagliuca
37%
1993-94 Walter Zenga
36%
1992-93 Walter Zenga
36%
1991-92 Walter Zenga
36%
1990-91 Walter Zenga
36%
1989-90 Walter Zenga
36%
1988-89 Walter Zenga
36%
1987-88 Walter Zenga
36%
1986-87 Walter Zenga
36%
1985-86 Walter Zenga
36%
1984-85 Walter Zenga
36%
1983-84 Walter Zenga
36%
2000-01 Sébastien Frey
27%
1962-63 Lorenzo Buffon
16%
1961-62 Lorenzo Buffon
16%
1960-61 Lorenzo Buffon
16%
1967-68 Giuliano Sarti
10%
1966-67 Giuliano Sarti
10%
1965-66 Giuliano Sarti
10%
1964-65 Giuliano Sarti
10%
1963-64 Giuliano Sarti
10%
1982-83 Ivano Bordon
9%
1981-82 Ivano Bordon
9%
1980-81 Ivano Bordon
9%
1979-80 Ivano Bordon
9%
1978-79 Ivano Bordon
9%
1977-78 Ivano Bordon
9%
1976-77 Ivano Bordon
9%
1974-75 Ivano Bordon
9%
1971-72 Ivano Bordon
9%
1975-76 Lido Vieri
6%
1973-74 Lido Vieri
6%
1972-73 Lido Vieri
6%
1971-72 Lido Vieri
6%
1970-71 Lido Vieri
6%
1969-70 Lido Vieri
6%
1959-60 Enzo Matteucci
3%
1958-59 Enzo Matteucci
3%
1957-58 Enzo Matteucci
3%
1957-58 Giorgio Ghezzi
3%
1956-57 Giorgio Ghezzi
3%
1955-56 Giorgio Ghezzi
3%
1954-55 Giorgio Ghezzi
3%
1953-54 Giorgio Ghezzi
3%
1952-53 Giorgio Ghezzi
3%
1951-52 Livio Puccioni
3%
1950-51 Narciso Soldan
3%
1968-69 Sergio Girardi
3%
No matching quizzes found
Score Distribution
Percent of People with Each Score
Percentile by Number Answered
Your Score History
You have not taken this quiz since the last reset